Countries with more than 10,000 kilometers of coastline - Sudden death - Statistics

General Stats
  • This quiz has been taken 1,030 times
  • The average score is 4 of 13
Answers on the Grid
Answers color-coded by a green-red scale on the quiz's grid according to % correct below.
Russia
South Africa
Vietnam
Myanmar
New Zealand
United States
India
Australia
Turkey
Norway
Chile
Brazil
Canada
Indonesia
Morocco
Somalia
Philippines
Saudi Arabia
China
Japan
Sweden
Mexico
Denmark (+Greenland)
Greece
Argentina
United Kingdom
 
Answer Stats
Answer % Correct
Russia
94%
United States
60%
Canada
44%
Australia
42%
Denmark (+Greenland)
31%
Norway
29%
Indonesia
24%
Philippines
22%
Japan
11%
New Zealand
9%
United Kingdom
9%
China
8%
Greece
7%
No matching quizzes found
Score Distribution
Percent of People with Each Score
Percentile by Number Answered
Your Score History
You have not taken this quiz